000 00810nam a22002297a 4500
999 _c12854
_d12854
003 MIRAKIL
005 20190305150734.0
008 190305b tu ||||| |||| 00| 0 tur d
020 _a0812923286
040 _aTR-AnCHP
_cTR-AnCHP
041 _aeng
082 _a327.2092
_bD61i 1995
100 _aDobrynin, Anatoly Federovich
245 1 0 _aİn confidence:
_bMoscows ambassador to America's sıx cold war presidents/
_cAnatoly Federovich Dobrynin.
260 _aNew York:
_bTimes Books,
_c1995.
300 _a672 s.:
_c24 sm.:
504 _aDizin vardır.
600 0 _95323
_aDobrynin, Anatoly Federovich
_d1919-2010
650 0 _95324
_aBüyükelçiler
_xSovyetler Birliği
_xyaşamöyküsü
651 0 _95270
_aAmerika Birleşik Devletleri (ABD)
_xDış ilişkiler
_xSovyetler Birliği
942 _2ddc
_cBKS